| 000 | 01268nam a2200325 a 4500 | ||
|---|---|---|---|
| 001 | 000046318 | ||
| 003 | DO-SdBNP | ||
| 005 | 20171110084841.0 | ||
| 007 | 000046318 | ||
| 008 | 100908s2005 dr d 000 0 spa d | ||
| 040 |
_aBPMSU _bspa _cBPMSU |
||
| 082 |
_a510 _bH638m |
||
| 100 | 1 | _aVentura Muñoz, Eduardo | |
| 245 | 1 | 0 |
_aMatemáticas financieras II / _cEduardo Ventura Muñoz, Mayra Martínez Triana. |
| 260 |
_aSanto Domingo : _bUCSD, _c2005. |
||
| 300 |
_a136 p. : ; _c28 cm. |
||
| 490 | 1 | _aAlandar | |
| 505 | 0 |
_tMonto compuesto -- _tAnualidades -- _tAmortización y fondo de amortización -- _tAnualidades anticipadas -- _tAnualidades diferidas -- _tAnualidades generales -- _tLos bonos -- _tTablas II : Tabla del valor actual de anualidad 1 por período -- _tTablas I : Tabla del monto de una anualidad de 1 por período -- |
|
| 650 | 4 | _aMATEMÁTICAS FINANCIERAS | |
| 650 | 4 |
_aMATEMÁTICAS FINANCIERAS _xPROBLEMAS, EJERCICIOS, ETC. |
|
| 700 | 1 | _aMartínez Triana, Mayra | |
| 710 | 1 | _aUniversidad Católica Santo Domingo | |
| 830 | 0 | _aAlandar | |
| 930 | 1 |
_l _m _8 _f _p _g |
|
| 942 |
_2ddc _cBK |
||
| 945 | _aInvetariado extranjero / 2017 VM | ||
| 956 |
_a _b _c _l _h |
||
| 956 |
_a _b _c _l _h |
||
| 956 |
_aVMATEO _b10 _c20150724 _lBPMSU _h00151 |
||
| 999 |
_c8009 _d8009 |
||